| 000 | 01261cam a22002655a 4500 | ||
|---|---|---|---|
| 001 | L158113 | ||
| 008 | 121219s2014 xxk f 000 0 eng d | ||
| 020 | _a9781848063723 | ||
| 035 | _a(Sirsi) u158113 | ||
| 041 | 0 | _aeng | |
| 100 | 1 | _aLittlefair, P. | |
| 245 | 0 | 0 | _aPeople-friendly lighting controls |
| 260 |
_aWatford _bBRE _c2014 |
||
| 300 |
_a8p. _bill. _c30cm. |
||
| 490 | 0 |
_aBRE Information Paper _vIP 4/14 |
|
| 520 | _aLighting controls offer substantial energy savings, and new techniques, such as touchscreens, scene setting and colour changing LEDs, allow uniquely flexible and sophisticated control. However, clear and accessible controls system interfaces are vital if users are to control the lighting properly. This Information Paper explains how to design lighting controls interfaces that are easy to use and understand and give appropriate feedback to users. It will be of interest to controls manufacturers, lighting designers, building services consultants, ergonomists, facilities managers and building owners. | ||
| 521 | _aAdvanced | ||
| 651 | 4 |
_aUnited Kingdom _y |
|
| 690 | _aLIGHTNING | ||
| 700 | 1 | _aKing, Stephanie | |
| 700 | 1 | _aHowlett, Gareth | |
| 700 | 1 | _aSener, Feride | |
| 700 | 1 | _aTicleanu, Cosmin Dr | |
| 942 | _n0 | ||
| 999 |
_c115148 _d115148 |
||